Datum a čas kvízu

19.5 Celkem bodů Celkový počet nahraných bodů na tomto kvízu bez doplňovacích otázek.
10. Pořadí na kvízu Konečné umístění týmu na tomto kvízu.

Zaznamenané odpovědi

# Otázka Odpověď Body Výsledky
1. Ve čtvrtek byly zveřejněny výs... Václav Havel, Václav Klaus, Petr Pavel 1
2. Ve čtvrtek jsme si připomněli... Myanmar (Barma) 0
3. Minulý týden byl potvrzen rozc... Katy Perry, Orlando Bloom 0
4. Jak se jmenuje nově zvolený ge... Hynek Chudárek 0
5. V Ostravě se konal tradiční at... 400 m překážek 0
6. Jedna z nejúspěšnějších filmov... Chris Pine, William Shatner 0
7. Napište český název závěrečnéh... Pařba na třetí 0
8. Seřaďte jednotlivé díly filmov... 1C 2D 3B 4A 1
9. Kdo z uvedených herců nebo her... B 0
10. Závěrem se podíváme blíže na H... z hadů 1